000 00888nam a2200193Ia 4500
003 GCL
008 140319s9999 xx 000 0 ara d
040 _aGCL /
_cGCL
082 0 4 _a327.117
_bع ح
100 1 _aعبده على عبدالله البحش
245 1 0 _aالحرب النفسية الامريكية تجاه العرب والمسلمين :
_bدراسة تحليلية فى مضمون الخطاب الاعلامى الامريكى /
_cعبده على عبدالله البحش
260 _aالاردن :
_bدار الكتاب الثقافى ،
_c2005
300 _a200 ص ؛
_c24 سم
650 0 4 _aالحرب النفسية
650 0 4 _aجرائم ضد السلام
650 0 4 _aالولايات المتحدة الامريكية - الاحوال السياسية
650 0 4 _aالارهاب - الولايات المتحدة الامريكية
942 _2ddc
_cBK
999 _c8407
_d8407